Widerstandskämpfer gegen den Nationalsozialismus - mit Bild - Statistiken

Allgemein
  • Dieses Quiz wurde 109 mal gespielt
    79 seit der letzten Aktualisierung
  • Das Durchschnittsergebnis liegt bei 4 aus 20
Antwortstatistiken
Bildquiz Hint Antwort % Korrekt
† 22. Februar 1943 Sophie Scholl
93%
† 20./21. Juli 1944 Claus Schenk Graf von Stauffenberg
76%
† 22. Februar 1943 Hans Scholl
67%
† 9. April 1945 Georg Elser
41%
† 9. April 1945 Dietrich Bonhoeffer
36%
† 22. März 1946 Clemens August Graf von Galen
19%
† 13. Juli 1943 Alexander Schmorell
16%
† 8. August 1944 Erwin von Witzleben
11%
† 2. Februar 1945 Carl Friedrich Goerdeler
10%
† 23. Januar 1945 Helmuth James Graf von Moltke
9%
† 20. August 1952 Kurt Schumacher
9%
† 20./21. Juli 1944 Ludwig Beck
7%
† 8. August 1944 Peter Graf Yorck von Wartenburg
6%
† 5. Januar 1945 Julius Leber
4%
† 22. Dezember 1942 Harro Schulze-Boysen
3%
† 10. November 1943 Eduard Müller
1%
† 10. November 1943 Hermann Lange
0%
† 10. November 1943 Johannes Prassek
0%
† 10. November 1943 Karl Friedrich Stellbrink
0%
† 21. Dezember 1950 Konrad Graf von Preysing
0%
Keine übereinstimmenden Quizze gefunden
Verteilung der Resultate
Anzahl Personen mit jedem Resultat
Perzentil nach korrekt beantworteten Fragen
Ihre Resultats-Entwicklung
Sie haben dieses Quiz seit der letzten Aktualisierung nicht gespielt